[Event "Fall Chess Classic-A 2019"]
[Site "Saint Louis"]
[Date "2019.09.17"]
[Round "8.2"]
[White "Bortnyk, Olexandr"]
[Black "Akobian, Varuzhan"]
[Result "0-1"]
[WhiteElo "2602"]
[BlackElo "2618"]
[Annotator "TA"]
[PlyCount "80"]
[EventDate "2019.09.10"]
[EventType "tourn"]
[EventCountry "USA"]
[SourceTitle "playchess.com"]
[Source "ChessBase"]
[SourceQuality "1"]

{[%evp 13,80,-3,15,0,8,0,7,-31,-25,-37,-30,-25,-42,-42,-35,-53,-37,-52,-51,-57,-28,-64,-57,-43,-25,-23,-25,-130,-135,-135,-137,-137,-139,-133,-122,-389,-422,-443,-440,-410,-411,-698,-693,-668,-651,-688,-674,-640,-499,-1020,-1000,-29965,-11058,-29976,-29978,-29978,-29979,-29979,-29980,-29979,-29980,-29979,-29981,-29981,-29982,-29988,-29989,-29989,-29985]} 1. e4 e6 2. d4 d5 3. Nc3 Bb4 4. exd5 exd5 5. Bd3 Nc6 6. Nge2 Nge7 7. Bg5 f6 8. Bf4 {C01: French: Exchange Variation} Bf5 (8... Bxc3+ 9. bxc3 Bf5 10. O-O O-O 11. c4 Kh8 12. Rb1 b6 13. Be3 Bxd3 14. Qxd3 dxc4 15. Qxc4 Qd5 {½-½ (112) Babujian,L (2465)-Shahinyan,D (2431) Yerevan 2016}) 9. O-O Qd7 10. Re1 {The position is equal.} O-O-O 11. Be3 $146 ({Predecessor:} 11. a3 Ba5 12. b4 Bb6 13. Na4 g5 14. Be3 Bxd3 15. Qxd3 Nf5 16. Nxb6+ axb6 {½-½ (54) Altstadt,K (2042)-Zimmermann,R (2134) Germany 2016}) 11... g5 12. a3 Bxc3 13. Nxc3 Bxd3 14. Qxd3 Nf5 15. Na4 {And now Nc5 would win.} b6 16. b4 Rhe8 17. Rab1 Kb8 ({But not} 17... Nxe3 $2 18. Nc5 $18) 18. Nc3 h5 19. a4 h4 20. f3 {[#]} (20. h3 $11 {keeps the balance.}) 20... h3 $1 $17 {[%mdl 512] Strongly threatening ...hxg2.} 21. g3 (21. gxh3 Rh8) 21... Nxe3 22. Rxe3 Rxe3 23. Qxe3 Qf5 24. Rb2 $2 {[%mdl 8192] [#]} (24. Qd3 $17 Qxd3 25. cxd3) 24... Nxd4 $1 $19 {[%mdl 512]} 25. Kf2 (25. Qxd4 Qxf3) 25... Nxc2 26. Qe7 Rc8 {Hoping for ...Qd3.} 27. Nb5 (27. Qe2 $142 Nd4 28. Qd1) 27... a6 28. Qe2 axb5 29. Rxc2 bxa4 {[%mdl 4096] Endgame KQR-KQR} 30. Ra2 Qd7 31. b5 (31. Qa6 $142 b5 32. Qxf6) 31... Re8 32. Qf1 Qe7 {[%csl Ge8][%cal Re7e3]} 33. Qxh3 Qe1+ {Black mates.} 34. Kg2 Re2+ 35. Rxe2 Qxe2+ {[%mdl 64] Double Attack. KQ-KQ} 36. Kg1 Qxb5 37. Qh8+ Kb7 38. Qxf6 a3 {[%cal Ba4a3,Ba3a2][%mdl 32]} 39. Qa1 Qb2 40. Qd1 a2 {Accuracy: White = 23%, Black = 92%.} 0-1

[Event "Fall Chess Classic-A 2019"]
[Site "Saint Louis"]
[Date "2019.09.17"]
[Round "8.3"]
[White "Ipatov, Alexander"]
[Black "Smirin, Ilia"]
[Result "1/2-1/2"]
[WhiteElo "2650"]
[BlackElo "2599"]
[Annotator "TA"]
[PlyCount "136"]
[EventDate "2019.09.10"]
[EventType "tourn"]
[EventCountry "USA"]
[SourceTitle "playchess.com"]
[Source "ChessBase"]
[SourceQuality "1"]

{[%evp 18,136,-8,-14,-14,0,-13,-11,0,5,15,-10,0,-11,-5,-35,-4,-6,0,-4,0,-2,0,0,0,0,15,-8,-8,-10,-12,-7,-8,-19,-18,-31,-47,-37,-36,-39,-26,-59,-45,-39,-8,-79,-75,-69,-57,-83,-27,-27,-4,-37,-43,-67,-67,-67,-54,-32,-6,-67,-60,-60,-37,-31,0,-59,-35,-47,-56,-150,-119,-148,-80,-80,-90,-143,-119,-120,-115,-112,-108,-197,-189,-198,-171,-170,-159,-196,-120,-161,-32,-75,-64,-65,-16,-16,-16,-16,-16,-16,-16,-17,-32,-32,-1,-1,0,0,0,0,0,-32,0,0,0,0,0,0,0]} 1. d4 Nf6 2. c4 g6 3. Nc3 Bg7 4. e4 d6 5. Nf3 O-O 6. h3 e5 7. dxe5 dxe5 8. Qxd8 Rxd8 9. Bg5 Na6 10. Nd5 Rd6 {E90: King's Indian: Classical: Early deviations and 6 h3} 11. Bxf6 Bxf6 12. Rc1 Bd8 (12... b6 13. b4 c6 14. Nxf6+ Rxf6 15. a3 c5 16. b5 Nc7 17. Rd1 a6 18. Rd8+ {0-1 (44) Wang,Y (2690)-Saric,I (2669) Riadh 2017}) 13. c5 Re6 14. a3 c6 15. Bxa6 {Strongly threatening Bd3.} cxd5 16. Bd3 dxe4 17. Bxe4 {[#]} Re7 $146 ({Predecessor:} 17... Bc7 18. O-O {0-1 (59) Cheng,B (2425)-Zhao,Z (2537) Canberra 2013}) 18. O-O f5 19. Bd5+ Kf8 20. Rfd1 Rb8 21. b4 Bc7 22. Nd2 Bd7 23. Bb3 e4 24. Nc4 Be6 25. Rb1 b6 {[%cal Bb7b6,Bb6b5][%mdl 32]} 26. c6 b5 27. Ne3 Bxb3 28. Rxb3 Re6 29. Rc3 Rc8 $1 30. g3 Bb6 31. Rdc1 (31. Nd5 $11 {remains equal.}) 31... Rd6 $17 32. Kf1 Ke7 33. Ke2 Kd8 (33... a6 $17) 34. a4 $1 $11 a6 35. a5 (35. c7+ $5 Rxc7 36. Rxc7 Bxc7 37. axb5 $15) 35... Bxe3 36. fxe3 $15 {[%mdl 4096] Endgame KRR-KRR} Kc7 37. g4 fxg4 38. hxg4 Rf8 39. Rh1 ({White should try} 39. g5 $1 $11) 39... Rf7 40. g5 Rd5 41. Rh4 Re7 42. Rg4 (42. Rf4 $1 $11) 42... Rd6 $1 43. Rf4 Rxc6 44. Rxc6+ ({White should play} 44. Kd2 $1 $15) 44... Kxc6 {KR-KR} 45. Rf8 Kd5 (45... Re5 $142 $1 46. Rc8+ Kd6 47. Rd8+ Ke6) 46. Rc8 $17 Re6 47. Rc5+ Kd6 48. Rc8 Re5 $1 49. Rd8+ Ke6 $1 50. Re8+ {[#]} (50. Rc8 $17 {might work better.}) 50... Kf5 $1 $19 51. Rh8 Kxg5 52. Rxh7 Re6 53. Rb7 {[#]} Kf5 (53... Kg4 $1 $19 54. Rb6 Kf5) 54. Kf2 Ke5 (54... g5 $19 55. Rb8 Rc6) 55. Kg3 Kd5 56. Rc7 $1 Rf6 57. Rc5+ Kd6 58. Rg5 Rf3+ 59. Kg4 $1 Rxe3 60. Kf4 Re1 61. Rxg6+ Kd5 62. Rxa6 Kc4 63. Re6 Kxb4 64. a6 Kc3 65. Rxe4 Rf1+ (65... Ra1 $5 {[%cal Ra1a6]} 66. Re3+ Kd4 67. Re4+ Kc3 68. Re3+ Kd4 69. Re4+ Kd5 70. Re5+ Kc4 $11) 66. Ke5 {The position is equal.} b4 {And now ...b3 would win.} 67. Kd5 Ra1 {...b3 is the strong threat.} 68. Re3+ Kd2 {Accuracy: White = 47%, Black = 58%.} 1/2-1/2

[Event "Fall Chess Classic-A 2019"]
[Site "Saint Louis"]
[Date "2019.09.17"]
[Round "8.4"]
[White "Lenderman, Aleksandr"]
[Black "Swiercz, Dariusz"]
[Result "1/2-1/2"]
[WhiteElo "2645"]
[BlackElo "2648"]
[Annotator "TA"]
[PlyCount "110"]
[EventDate "2019.09.10"]
[EventType "tourn"]
[EventCountry "USA"]
[SourceTitle "playchess.com"]
[Source "ChessBase"]
[SourceQuality "1"]

{[%evp 9,110,9,12,6,14,28,31,22,34,20,14,18,34,30,27,27,36,31,29,37,35,14,10,4,19,27,20,18,16,6,24,0,0,0,60,60,76,73,78,77,77,77,65,77,76,75,76,76,76,76,83,83,83,83,83,83,83,83,83,83,83,76,83,76,76,76,77,76,83,83,83,68,68,57,73,57,72,50,57,27,51,33,33,33,33,33,91,91,91,91,108,13,13,8,8,8,8,8,8,8,8,0,0]} 1. Nf3 d5 2. b3 Bg4 3. Bb2 Nd7 4. g3 Ngf6 5. Bg2 e6 6. d3 {A06: Réti Opening:1 Nf3 d5} Bc5 (6... Bd6 7. h3 Bh5 8. g4 Bg6 9. Nh4 c6 10. e3 a5 11. a3 {½-½ (29) Nakamura,H (2777)-Caruana,F (2822) Saint Louis 2018}) 7. Nbd2 {[%cal Bb1d2,Bd2f3,Bf3d4,Bd4e2,Be2c3][%mdl 32]} Qe7 8. a3 {White is slightly better.} a5 $146 ({Predecessor:} 8... e5 9. e4 dxe4 10. dxe4 O-O 11. O-O a5 12. h3 {0-1 (36) Goletiani,R (2314)-Shabalov,A (2575) Los Angeles 2003}) 9. h3 (9. e4 {is more complex.} dxe4 10. dxe4 e5 11. O-O O-O 12. h3) 9... Bxf3 10. Nxf3 c6 11. c4 O-O 12. O-O Rfe8 13. e3 Bd6 14. Nd4 g6 15. Qc2 e5 16. Ne2 h5 17. cxd5 cxd5 18. Nc3 Rac8 {aiming for ...d4.} 19. Qe2 Qe6 20. Rac1 Nc5 21. Qd1 Bf8 (21... Be7 $11) 22. d4 $36 {[%mdl 2048] White fights for an advantage.} exd4 {[#]} 23. Nxd5 $1 {[%mdl 512]} Nxd5 24. Qxd4 {[%csl Gb2][%cal Rd4h8]} Nf6 25. Qxf6 Qxf6 26. Bxf6 Nxb3 27. Rxc8 Rxc8 28. Bxb7 Rb8 29. Bd5 Bxa3 30. Rb1 a4 31. Bc6 Rb6 32. Bxa4 Rxf6 33. Rxb3 $16 {[%mdl 4096] Endgame KRB-KRB} Be7 34. Rb7 Kf8 35. Bb3 Rd6 36. Kf1 Rd2 37. Rc7 Rd3 38. Ba4 Ra3 39. Rc4 Ra2 40. Bc2 Ra1+ 41. Ke2 Rc1 42. Kf3 Kg7 43. Kg2 Bf6 44. f4 Bd8 45. e4 h4 46. gxh4 Bxh4 47. e5 f5 {[#]} (47... Be1 $14) 48. Rc7+ $1 Kh6 {[#]} 49. Rc8 $1 g5 50. fxg5+ (50. Bxf5 $16 Rxc8 51. Bxc8 gxf4 52. Bf5) 50... Kxg5 $11 {The position is equal.} 51. Bxf5 (51. Rc5 {looks sharper.} Re1 52. e6 Kf6 53. Bxf5 Re5 54. e7) 51... Rxc8 52. Bxc8 $16 {KB-KB} Kf4 53. e6 Ke3 54. e7 Bxe7 55. h4 Bxh4 {Accuracy: White = 54%, Black = 60%.} 1/2-1/2

[Event "Fall Chess Classic-A 2019"]
[Site "Saint Louis"]
[Date "2019.09.17"]
[Round "8.5"]
[White "Durarbayli, Vasif"]
[Black "Van Foreest, Jorden"]
[Result "1/2-1/2"]
[WhiteElo "2626"]
[BlackElo "2622"]
[Annotator "TA"]
[PlyCount "119"]
[EventDate "2019.09.10"]
[EventType "tourn"]
[EventCountry "USA"]
[SourceTitle "playchess.com"]
[Source "ChessBase"]
[SourceQuality "1"]

{[%evp 14,119,0,-14,0,10,10,-23,-12,-54,-47,-89,-102,-103,-111,-108,-85,-99,-74,-117,-122,-139,-110,-114,-106,-137,-125,-130,-125,-134,-127,-141,-129,-120,-66,-75,-77,-76,-76,-76,-76,-71,-73,-76,-72,-87,-74,-83,-75,-78,-69,-111,-111,-111,-111,-111,-111,-111,-111,-111,-111,-116,-81,-126,-102,-102,-78,-78,-70,-70,-70,-70,-70,-70,-63,-63,-63,-63,-63,-63,-63,-70,-70,-70,0,-70,0,-70,-70,-70,-70,-70,-70,-70,-52,-52,-52,-52,-49,-49,-25,-25,-8,-8,-8,-8,-8,-8]} 1. e4 c5 2. Nf3 d6 3. d4 cxd4 4. Nxd4 Nf6 5. Nc3 a6 6. Bg5 e6 7. f4 Qb6 8. a3 Nbd7 {B97: Sicilian Najdorf: Poisoned Pawn} (8... Nc6 9. Nb3 Qe3+ 10. Qe2 Qxe2+ 11. Bxe2 Be7 12. O-O-O Nd7 13. Rd2 Nc5 14. Nxc5 Bxg5 15. fxg5 dxc5 16. Na4 Nd4 17. Bd1 {1-0 (30) Adhiban,B (2689)-Andriasian,Z (2604) chess.com INT 2019}) 9. Bh4 e5 10. Nf3 Be7 {Black has an edge.} 11. Be2 $146 (11. Bf2 {seems wilder.} Qc7 12. Qd2 O-O 13. Bd3 b5 14. O-O-O) ({Predecessor:} 11. Bf2 Qc7 12. Bd3 O-O 13. Qd2 b5 14. O-O-O Bb7 15. Rhe1 Rfe8 16. Kb1 Rad8 17. h3 Nc5 18. Bxc5 Qxc5 19. Nd5 h6 20. Nxe7+ Rxe7 21. g4 exf4 22. Qxf4 b4 23. axb4 {½-½ (23) Nogga,U (2444)-Matheis,T (2454) GER email 2016}) 11... O-O 12. Qd2 Qxb2 13. O-O {aiming for Rfb1.} Qb6+ $1 14. Kh1 Qd8 15. Rad1 b5 16. Qe1 {Threatening fxe5.} Qc7 ({Reject} 16... exf4 $6 17. e5 $1 $11 {[%mdl 512]}) 17. Bg5 h6 18. fxe5 dxe5 ({Don't play} 18... hxg5 $6 19. exf6 Bxf6 20. Nd5 $11) 19. Bc1 Nc5 20. Nh4 Ncxe4 21. Nxe4 Nxe4 22. Bf3 {[#]} f5 $1 {Threatens to win with ...Bxh4.} 23. Ng6 Rf6 (23... Bb7 $17 {...Rfe8 is the strong threat.} 24. Nxf8 Rxf8) 24. Bxe4 fxe4 25. Nxe7+ Qxe7 26. Rxf6 Qxf6 ({Much worse is} 26... gxf6 $6 27. Qxe4 Bb7 28. Qg6+ Qg7 29. Qxg7+ Kxg7 30. Rd7+ Kg6 31. Rxb7 $11) 27. Qxe4 Ra7 28. h3 Rc7 29. Qe2 Bb7 30. Rd3 Qg6 31. Kh2 Be4 32. Rg3 Rxc2 33. Qxc2 {Strongly threatening Qc8+.} Qxg3+ 34. Kxg3 Bxc2 $17 {[%mdl 4096] Endgame KB-KB} 35. Bb2 e4 36. Kf4 Kf7 37. Bc3 Bd3 38. g4 g5+ 39. Kg3 e3 40. Bd4 e2 41. Bc3 $1 Kg6 42. Kf2 Bc4 43. Kf3 h5 44. Kf2 Be6 45. Kf3 Bd7 46. Bd2 Bc6+ 47. Kf2 Bd5 48. Bc3 Be6 49. Kf3 $1 Bc4 (49... Kh6 {looks sharper.} 50. Bb4 Bd7 51. Bd2 Kg6 52. Bb4 Bc6+) 50. Kf2 $1 Bd3 51. Bd2 hxg4 52. hxg4 Kf6 53. Bc3+ Ke6 54. Bd2 Kd5 55. Bxg5 Kc4 56. Be7 a5 57. g5 b4 58. axb4 {The position is equal.} axb4 {[#]} 59. g6 $1 {[%mdl 512]} Bxg6 60. Bxb4 {Accuracy: White = 81%, Black = 69%.} 1/2-1/2

[Event "Fall Chess Classic-A 2019"]
[Site "Saint Louis"]
[Date "2019.09.18"]
[Round "9.2"]
[White "Swiercz, Dariusz"]
[Black "Durarbayli, Vasif"]
[Result "1-0"]
[WhiteElo "2648"]
[BlackElo "2626"]
[Annotator "TA"]
[PlyCount "79"]
[EventDate "2019.09.10"]
[EventType "tourn"]
[EventCountry "USA"]
[SourceTitle "playchess.com"]
[Source "ChessBase"]
[SourceQuality "1"]

{[%evp 17,79,48,45,9,25,10,12,3,34,0,0,0,23,0,20,0,9,3,0,15,15,0,0,0,33,10,177,191,185,172,290,148,346,174,262,210,358,345,366,347,385,375,383,386,380,379,381,368,704,689,664,483,489,464,1006,980,1316,1293,836,830,828,758,1412,1314]} 1. e4 e5 2. Nf3 Nc6 3. Bb5 a6 4. Ba4 Nf6 5. O-O b5 6. Bb3 Bc5 7. a4 Rb8 8. c3 d6 9. d4 Bb6 10. a5 {C78: Ruy Lopez: Archangelsk and Möller Defences} Ba7 $1 11. h3 O-O 12. Be3 {The position is equal.} Ra8 13. Nbd2 h6 14. Qe2 $146 (14. Re1 Re8 15. Qb1 exd4 16. cxd4 Nb4 17. Ra3 c5 18. dxc5 dxc5 19. Bxf7+ Kxf7 {0-1 (33) Lagarde,M (2612)-Jones,G (2698) Reykjavik 2019}) 14... Bb7 15. Rfd1 Re8 (15... exd4 {is more complex.} 16. cxd4 Nb4 17. e5 Nfd5 18. Ne4 Qe7) 16. dxe5 Nxe5 17. Nxe5 Rxe5 18. Bxa7 Rxa7 19. f4 Re7 {[%cal Rb7e4]} 20. e5 $36 {[%mdl 2048] White fights for an advantage.} Ra8 21. Nf3 Nh5 $2 (21... Qe8 $11) 22. Nd4 $18 Nxf4 23. Qg4 g5 ({Avoid the trap} 23... Nxg2 $2 {[#]} 24. Nf5 $1 $18 {[%mdl 512]}) (23... Kh8 {was called for.}) 24. g3 (24. Nf5 $18) 24... Ng6 $2 (24... Nd5 $16) 25. e6 (25. Nf5 Nxe5 26. Qh5 Re6 $18) (25. Qh5 $142 {Qxg6+ is the strong threat.} Nxe5 26. Qxh6) 25... Ne5 (25... Qe8 $142) 26. Qh5 fxe6 (26... f6 {was worth a try.}) 27. Nxe6 Rxe6 28. Qxh6 $1 {[%mdl 64] Pin} ({And not} 28. Bxe6+ Kg7 $11) 28... Nf3+ 29. Kf2 {[%cal Rb3e6]} Nd4 {( -> ...Qf8+)} 30. Bxe6+ ({Weaker is} 30. Rxd4 Qf8+ 31. Qxf8+ Rxf8+ 32. Kg1 d5 $16) 30... Nxe6 31. Qxe6+ Kg7 {aiming for ...Qf8+.} 32. Kg1 {Hoping for Rf1.} Bc8 $2 (32... Qe8 33. Qxe8 Rxe8) 33. Qe4 {White is clearly winning.} Rb8 34. g4 {Strongly threatening Rf1.} Bb7 35. Qd4+ Kg8 (35... Qf6 $142 36. Re1 Qxd4+ 37. cxd4 Rc8) 36. Rf1 c5 37. Qd3 {White threatens Qg6+ and mate.} Qe8 38. Rf6 {Threatens to win with Rg6+.} Kg7 39. Raf1 Rd8 {[#]} 40. Rf7+ $1 {[%mdl 64] Decoy. Accuracy: White = 55%, Black = 26%.} 1-0

[Event "Fall Chess Classic-A 2019"]
[Site "Saint Louis"]
[Date "2019.09.18"]
[Round "9.3"]
[White "Smirin, Ilia"]
[Black "Lenderman, Aleksandr"]
[Result "0-1"]
[WhiteElo "2599"]
[BlackElo "2645"]
[Annotator "TA"]
[PlyCount "114"]
[EventDate "2019.09.10"]
[EventType "tourn"]
[EventCountry "USA"]
[SourceTitle "playchess.com"]
[Source "ChessBase"]
[SourceQuality "1"]

{[%evp 17,114,0,0,7,19,-131,-131,-124,-128,-135,-131,-108,-108,-118,-118,-132,-139,-159,-145,-164,-165,-152,-158,-184,-161,-246,-235,-228,-237,-241,-225,-221,-220,-221,-210,-216,-210,-206,-204,-215,-216,-214,-199,-275,-249,-254,-272,-266,-254,-319,-320,-301,-215,-212,-215,-210,-216,-221,-191,-271,-264,-271,-271,-269,-261,-256,-250,-264,-262,-337,-322,-985,-958,-937,-930,-930,-930,-29966,-29969,-29973,-29974,-29976,-29977,-29977,-29978,-29978,-29976,-29980,-29981,-29980,-29981,-29981,-29981,-29981,-29982,-29986,-29987,-29988,-29989]} 1. e4 e5 2. Nf3 Nf6 3. Nxe5 d6 4. Nf3 Nxe4 5. Nc3 Nxc3 6. dxc3 Be7 7. Bf4 O-O 8. Qd2 Nd7 {[%cal Bb8d7,Bd7c5,Bc5e4][%mdl 32]} 9. O-O-O Nc5 10. Kb1 {C42: Petroff Defence: 3 Nxe5 and unusual White 3rd moves} (10. Be3 Re8 11. Bc4 Be6 12. Bxe6 Nxe6 13. h4 Qd7 14. Qd3 Qc6 15. Qf5 Qc4 16. Ng5 Bxg5 17. hxg5 Nf8 {½-½ (27) Salgado Lopez,I (2651)-Ipatov,A (2657) Izmir 2016}) 10... Re8 11. Nd4 (11. Bc4 $11) 11... Ne4 $1 $17 {[%cal Re4d2]} 12. Qe3 {Black is clearly better.} Bh4 13. Bb5 $146 ({Predecessor:} 13. Bc4 Nxf2 14. Qf3 d5 15. g3 Nxd1 16. Rxd1 dxc4 17. Nb5 Bd7 18. Nxc7 {0-1 (59) Grekh,A (2368)-Bykovskiy,O (2312) Lvov 2016}) 13... Bd7 $1 (13... Bxf2 14. Qf3 $11) 14. Bxd7 Qxd7 15. Qf3 Bxf2 (15... Nxf2 16. g3 $11) 16. Rhf1 Bxd4 17. Rxd4 Qe6 18. Bc1 d5 19. Qh5 c6 20. Rd3 Rad8 21. c4 (21. Qf3 {might work better.}) 21... dxc4 $19 22. Rxd8 Rxd8 23. Qa5 Qd5 24. Qxa7 c3 {And now ...cxb2 would win.} 25. Re1 cxb2 26. Bxb2 Nd2+ $40 {[%mdl 192] Discovered Attack. Black goes for the king.} 27. Ka1 Nc4 {( -> ...Qd1+!)} (27... Qxg2 28. Qd4 $1 $16 {[%mdl 512]}) 28. Qd4 Qxd4 29. Bxd4 {[%mdl 4096] Endgame KRB-KRN} f6 30. Bc5 (30. Bc3 {was necessary.}) 30... b6 {[%cal Bb7b6,Bb6b5,Bb5b4][%mdl 32]} 31. Bb4 c5 32. Bc3 b5 33. Rb1 b4 34. Be1 Ne3 35. Kb2 Nxg2 36. Bf2 Rd5 37. Kb3 Nf4 38. c3 (38. Be1 $142) 38... Rd3 $1 {[%cal Rd3c3]} 39. Bxc5 Rxc3+ ({Not} 39... bxc3 40. a4 $17) 40. Kxb4 Nd5+ 41. Kb5 Rc2 $1 {[%csl LRa2,LRh2] ...Nc3+ is the strong threat.} 42. Kc6 Nf4 {Strongly threatening ...Ne6.} 43. a4 {[#]} Ne6 $1 ({Worse is} 43... Rxh2 44. a5 $11) 44. Rb5 $2 (44. Rb8+ Kf7 45. Rb7+ Kg6 46. Kd5) 44... Nd4+ $1 {[%mdl 64] Double Attack} ({Weaker is} 44... Nxc5 45. Rxc5 Rxh2 46. a5 $11) 45. Kd6 Nxb5+ 46. axb5 Rxh2 {KR-KB} 47. b6 Rb2 {Black mates.} 48. Kc6 Kf7 49. b7 {[#]} Rxb7 $1 {[%mdl 512]} 50. Kxb7 {KB-K3P} Ke6 51. Kc6 Ke5 52. Bd6+ Ke4 53. Kd7 f5 54. Ke6 f4 55. Kf7 h5 56. Kg6 h4 57. Kg5 f3 {Accuracy: White = 33%, Black = 90%.} 0-1

[Event "Fall Chess Classic-A 2019"]
[Site "Saint Louis"]
[Date "2019.09.18"]
[Round "9.4"]
[White "Akobian, Varuzhan"]
[Black "Ipatov, Alexander"]
[Result "1-0"]
[WhiteElo "2618"]
[BlackElo "2650"]
[Annotator "TA"]
[PlyCount "69"]
[EventDate "2019.09.10"]
[EventType "tourn"]
[EventCountry "USA"]
[SourceTitle "playchess.com"]
[Source "ChessBase"]
[SourceQuality "1"]

{[%evp 9,73,50,64,34,69,62,73,73,78,65,68,58,81,85,133,126,122,139,166,156,137,145,191,214,237,220,212,178,242,241,218,85,66,66,56,25,63,46,112,77,96,68,48,33,68,61,88,85,100,84,231,235,501,483,658,641,1199,1065,29938,6270,2893,2281,3187,2397,29994,29993]} 1. d4 Na6 2. e4 c6 3. Nf3 g6 4. c4 (4. Nc3 Nc7 5. Bf4 Bg7 6. Bc4 d6 7. O-O Nf6 8. a4 O-O 9. h3 Nxe4 10. Nxe4 d5 11. Bd3 Ne6 {½-½ (103) Ladva,O (2522)-Carlsen,M (2834) chess.com INT 2018}) 4... Bg7 5. Nc3 d6 6. h3 {B12: Caro-Kann: Advance Variation} e5 7. Be3 exd4 8. Nxd4 {White is better.} Nf6 9. Qd2 O-O 10. O-O-O Re8 $146 ({Predecessor:} 10... Nc5 11. f3 a5 {1-0 (20) Schroeder,C (2195)-Kotyk,M (2007) Hamburg 2018}) 11. f3 $1 d5 12. cxd5 cxd5 13. e5 Nd7 14. f4 $1 (14. Nxd5 Nxe5 15. Nc3 Bd7 $11) 14... Nb6 15. Ndb5 Re6 16. Kb1 (16. Nxd5 $6 Nxd5 17. Qxd5 Qxd5 $14) 16... Qf8 17. g4 (17. Nxd5 $6 Nxd5 18. Qxd5 Rc6) 17... Bd7 18. Nd6 (18. Nxd5 $2 Nxd5 19. Bf2 (19. Qxd5 $2 Bc6 $19 {[%mdl 64] Skewer}) 19... Bxb5 $19) 18... Bc6 (18... Rxd6 $142 19. exd6 Qxd6) 19. Bxb6 $18 axb6 20. Bxa6 (20. Nxd5 $18 {is the precise move to win. And now Bg2 would win.} Rd8 21. Bg2) 20... Rxd6 $16 21. Bd3 Rdd8 22. Rhe1 Qc5 23. a3 Re8 (23... Bf8 $14) 24. g5 Bf8 25. h4 b5 $1 {[%cal Rb5b4]} 26. Na2 {[%cal Bc3a2,Ba2b4,Bb4d5][%mdl 32]} Qb6 {White should prevent ...b4!} 27. Bc2 b4 28. Nxb4 Ra5 {Hoping for ...Rea8.} 29. Re3 Rea8 {[#]} (29... Bxb4 $16 30. axb4 Ra7) 30. Rb3 $1 $18 Qa7 $2 {[#]} (30... Rb5 {was necessary.} 31. Nxd5 Bxd5 32. Qxd5 Rxd5 33. Rxb6 Rxd1+ 34. Bxd1 Rb8) 31. h5 $1 {[%mdl 512]} Ba4 {[#]} (31... gxh5 32. Qd3) 32. hxg6 $1 {[%mdl 512]} fxg6 33. Nxd5 Bxb3 34. Bxb3 (34. Nf6+ $142 Kh8 35. Bxb3 b5 36. Qg2 Bxa3 {[#]} 37. Rd7 $1 {[%mdl 512]} (37. bxa3 Rxa3 38. Qd5 Ra1+ 39. Kb2 Rxd1 $11) 37... Qxd7 38. Nxd7 Bf8 39. e6 Ra1+ 40. Kc2 Rc8+ 41. Kd3) 34... Kh8 {[#]} 35. Nf6 {Played: Rd1-h1} 1-0